[Event "NED-chT 2324"]
[White "Hausrath, Daniel"]
[Black "Van Gisbergen, Stan"]
[Site "Netherlands"]
[Round "5.4"]
[Result "1-0"]
[Date "2023.12.16"]
[WhiteElo "2459"]
[BlackElo "2273"]
[PlyCount "75"]
[EventDate "2023.09.16"]
[EventType "team-tourn"]
[EventRounds "9"]
[EventCountry "NED"]
[SourceTitle "EXT 2025"]
[Source "ChessBase"]
[SourceDate "2024.10.14"]
[SourceVersion "1"]
[SourceVersionDate "2024.10.14"]
[SourceQuality "1"]
[WhiteTeam "Zuid Limburg"]
[BlackTeam "Amstelveen Zukertort"]
[WhiteTeamCountry "NED"]
[BlackTeamCountry "NED"]

1. Nf3 Nf6 2. g3 b5 3. Bg2 Bb7 4. Na3 a6 5. c4 b4 6. Nc2 c5 7. d4 cxd4 8. Ncxd4 e6 9. 0-0 Be7 10. b3 0-0 11. Bb2 Be4 12. Qd2 Nc6 13. Qe3 Qc7 14. Bh3 Nxd4 15. Bxd4 Qb7 16. Rad1 Rfd8 17. Ne5 d6 18. Nd3 a5 19. Rd2 h5 20. f3 Bc6 21. Rfd1 e5 22. Bb2 e4 23. Nf4 exf3 24. exf3 Bxf3 25. Rf1 Be4 26. Nd5 Bxd5 27. cxd5 Re8 28. Qg5 Kf8 29. Bf5 Bd8 30. Kg2 Qb5 31. Rff2 Ra7 32. Kh3 a4 33. bxa4 Rxa4 34. Bxf6 Bxf6 35. Qxh5 Re5 36. Qh8+ Ke7 37. Rc2 Ra7 38. Rc8 1-0

[Event "NED-chT 2324"]
[White "Van Gisbergen, Stan"]
[Black "De Jong, Jan Willem"]
[Site "Netherlands"]
[Round "4.2"]
[Result "1/2-1/2"]
[Date "2023.11.25"]
[WhiteElo "2273"]
[BlackElo "2408"]
[PlyCount "40"]
[EventDate "2023.09.16"]
[EventType "team-tourn"]
[EventRounds "9"]
[EventCountry "NED"]
[SourceTitle "EXT 2025"]
[Source "ChessBase"]
[SourceDate "2024.10.14"]
[SourceVersion "1"]
[SourceVersionDate "2024.10.14"]
[SourceQuality "1"]
[WhiteTeam "Amstelveen Zukertort"]
[BlackTeam "Leiden IntelliMagic"]
[WhiteTeamCountry "NED"]
[BlackTeamCountry "NED"]

1. d4 d5 2. c4 e6 3. Nc3 Nf6 4. Bg5 Nbd7 5. Nf3 c6 6. e3 h6 7. Bh4 g5 8. Bg3 Nh5 9. Bd3 Nxg3 10. hxg3 Bg7 11. cxd5 exd5 12. Qc2 Nb6 13. Bf5 Bxf5 14. Qxf5 Nc4 15. 0-0-0 Qe7 16. Rhe1 0-0 17. g4 Rae8 18. Nh2 Nd6 19. Qc2 Qd7 20. f3 f5 1/2-1/2

[Event "NED-chT 2324"]
[White "Van Gisbergen, Stan"]
[Black "De Rover, Yong Hoon"]
[Site "Netherlands"]
[Round "3.3"]
[Result "1/2-1/2"]
[Date "2023.11.04"]
[WhiteElo "2273"]
[BlackElo "2324"]
[PlyCount "33"]
[EventDate "2023.09.16"]
[EventType "team-tourn"]
[EventRounds "9"]
[EventCountry "NED"]
[SourceTitle "EXT 2025"]
[Source "ChessBase"]
[SourceDate "2024.10.14"]
[SourceVersion "1"]
[SourceVersionDate "2024.10.14"]
[SourceQuality "1"]
[WhiteTeam "Amstelveen Zukertort"]
[BlackTeam "De Waagtoren"]
[WhiteTeamCountry "NED"]
[BlackTeamCountry "NED"]

1. d4 Nf6 2. c4 e6 3. Nf3 b6 4. g3 Ba6 5. b3 Bb4+ 6. Bd2 Be7 7. Bg2 c6 8. 0-0 d5 9. Ne5 Nfd7 10. Nxd7 Nxd7 11. Bc3 0-0 12. Nd2 Rc8 13. Re1 c5 14. cxd5 exd5 15. Rc1 cxd4 16. Bxd4 Nc5 17. Nf3 1/2-1/2

[Event "NED-chT 0910"]
[White "Vogel, Jaap"]
[Black "Van Gisbergen, Stan"]
[Site "Netherlands"]
[Round "8.4"]
[Result "0-1"]
[Date "2010.03.27"]
[WhiteElo "2213"]
[BlackElo "2307"]
[PlyCount "80"]
[EventDate "2009.09.26"]
[EventType "team"]
[EventRounds "9"]
[EventCountry "NED"]
[SourceTitle "EXT 2011"]
[Source "ChessBase"]
[SourceDate "2010.11.26"]
[SourceVersion "1"]
[SourceVersionDate "2010.11.26"]
[SourceQuality "1"]
[WhiteTeam "Enschede Braceland"]
[BlackTeam "Nijmegen"]
[WhiteTeamCountry "NED"]
[BlackTeamCountry "NED"]

1. d4 Nf6 2. Nf3 e6 3. g3 b6 4. Bg2 c5 5. c4 d5 6. cxd5 Nxd5 7. 0-0 Nd7 8. e4 N5f6 9. Nc3 Ba6 10. Re1 cxd4 11. Nxd4 e5 12. Nf5 g6 13. Nd6+ Bxd6 14. Qxd6 Qe7 15. Qxe7+ Kxe7 16. Nd5+ Nxd5 17. exd5 Kd6 18. f4 Rhe8 19. b3 Bb7 20. fxe5+ Nxe5 21. Ba3+ Kd7 22. Re4 f5 23. Re2 Ba6 24. Re3 Ng4 25. Re6 Rac8 26. h3 Ne3 27. Re1 Nxg2 28. Re7+ Rxe7 29. Rxe7+ Kd8 30. Kxg2 Rc2+ 31. Kf3 Rxa2 32. Bd6 Ra5 33. Rxa7 Be2+ 34. Kxe2 Rxa7 35. Bb4 Ra1 36. Kd3 Rg1 37. Bd6 Kd7 38. Be5 Rc1 39. h4 b5 40. Kd2 Rc5 0-1

[Event "NED-chT 0910"]
[White "Van Gisbergen, Stan"]
[Black "Ikonnikov, Vyacheslav"]
[Site "Netherlands"]
[Round "7.2"]
[Result "0-1"]
[Date "2010.03.06"]
[WhiteElo "2307"]
[BlackElo "2558"]
[PlyCount "116"]
[EventDate "2009.09.26"]
[EventType "team"]
[EventRounds "9"]
[EventCountry "NED"]
[SourceTitle "EXT 2011"]
[Source "ChessBase"]
[SourceDate "2010.11.26"]
[SourceVersion "1"]
[SourceVersionDate "2010.11.26"]
[SourceQuality "1"]
[WhiteTeam "Nijmegen"]
[BlackTeam "Homburg Apeldoorn"]
[WhiteTeamCountry "NED"]
[BlackTeamCountry "NED"]

1. d4 Nf6 2. c4 e6 3. Nf3 b6 4. g3 Ba6 5. b3 Bb4+ 6. Bd2 Be7 7. Bg2 c6 8. 0-0 d5 9. Ne5 0-0 10. Bc3 Nfd7 11. Nxd7 Nxd7 12. Nd2 f5 13. a4 Rc8 14. Qc2 Qe8 15. Qa2 Nf6 16. Nf3 Ne4 17. Be1 Bf6 18. a5 b5 19. cxd5 cxd5 20. Bb4 Rf7 21. Rfc1 Rfc7 22. Qb2 Be7 23. Bxe7 Qxe7 24. b4 h6 25. Ne5 Nd6 26. Nd3 Nc4 27. Qc3 Rf8 28. e3 Qd6 29. Bf1 Bb7 30. Nc5 Bc6 31. Re1 g5 32. f3 Rg7 33. Rad1 h5 34. e4 fxe4 35. fxe4 h4 36. e5 Qe7 37. Be2 Bd7 38. Bg4 Bc8 39. Rf1 hxg3 40. Rxf8+ Kxf8 41. Qxg3 Kg8 42. Rf1 Rf7 43. Bh5 Rxf1+ 44. Kxf1 Qf8+ 45. Kg2 Qh6 46. Be8 g4 47. Qf2 Ne3+ 48. Kg1 Nf5 49. Bxb5 Qc1+ 50. Bf1 Qa1 51. a6 Nxd4 52. Qf6 Nf3+ 53. Kf2 Qe1+ 54. Kg2 Qd2+ 55. Kg3 Qxh2+ 56. Kxg4 Nxe5+ 57. Kg5 Qg3+ 58. Kh5 Qg4+ 0-1

[Event "NED-chT 0607"]
[White "Van Gisbergen, Stan"]
[Black "Feygin, Michael"]
[Site "Netherlands"]
[Round "2.2"]
[Result "1/2-1/2"]
[Date "2006.10.14"]
[WhiteElo "2319"]
[BlackElo "2520"]
[PlyCount "89"]
[EventDate "2006.09.23"]
[EventType "team-tourn"]
[EventRounds "9"]
[EventCountry "NED"]
[SourceTitle "CBM 115 Extra"]
[Source "ChessBase"]
[SourceDate "2007.01.10"]
[SourceVersion "1"]
[SourceVersionDate "2007.01.10"]
[SourceQuality "1"]
[WhiteTeam "Nijmegen"]
[BlackTeam "Enschede ESGOO"]
[WhiteTeamCountry "NED"]
[BlackTeamCountry "NED"]

1. d4 e6 2. c4 d5 3. Nc3 c6 4. e3 Nf6 5. Nf3 Nbd7 6. Qc2 Bd6 7. b3 0-0 8. Be2 e5 9. cxd5 Nxd5 10. Nxd5 cxd5 11. dxe5 Nxe5 12. Bb2 Bb4+ 13. Kf1 Nxf3 14. Bxf3 Be6 15. Qd3 Qb6 16. a3 Be7 17. Ke2 Rac8 18. Rhc1 Rc6 19. Kf1 Rfc8 20. Rxc6 bxc6 21. Rc1 Rb8 22. b4 a5 23. Be5 Rc8 24. Bd4 Qc7 25. Qc3 axb4 26. axb4 Qxh2 27. b5 Ra8 28. Qxc6 Ra2 29. Rc2 Bd7 30. Rxa2 Bxc6 31. bxc6 h6 32. g3 Qh3+ 33. Kg1 Bd6 34. Bxd5 h5 35. Ra8+ Kh7 36. Be4+ f5 37. Bg2 Qg4 38. Ra7 Qd1+ 39. Kh2 h4 40. Rxg7+ Kh6 41. Rd7 hxg3+ 42. fxg3 Qh5+ 43. Bh3 Qe2+ 44. Bg2 Qh5+ 45. Bh3 1/2-1/2

[Event "NED-chT 0304"]
[White "Sielecki, Christof"]
[Black "Van Gisbergen, Stan"]
[Site "Netherlands"]
[Round "1.8"]
[Result "1-0"]
[Date "2003.09.27"]
[WhiteElo "2384"]
[BlackElo "2324"]
[PlyCount "41"]
[EventDate "2003.09.27"]
[EventType "team-tourn"]
[EventRounds "9"]
[EventCountry "NED"]
[SourceTitle "EXT 2014"]
[Source "ChessBase"]
[SourceDate "2013.11.20"]
[SourceVersion "1"]
[SourceVersionDate "2013.11.20"]
[SourceQuality "1"]
[WhiteTeam "Enschede"]
[BlackTeam "Nijmegen"]
[WhiteTeamCountry "NED"]
[BlackTeamCountry "NED"]

1. d4 Nf6 2. Nf3 e6 3. c4 b6 4. Nc3 Bb7 5. a3 d5 6. cxd5 Nxd5 7. Bd2 Nd7 8. Nxd5 Bxd5 9. Qc2 c5 10. e4 Bb7 11. d5 exd5 12. exd5 Be7 13. 0-0-0 0-0 14. h4 h6 15. Ng5 hxg5 16. hxg5 f5 17. d6 Bxg5 18. Bc4+ Rf7 19. Qxf5 Bxd2+ 20. Rxd2 Nf6 21. Qg6 1-0

[Event "NED-chT 0001"]
[White "Delemarre, Jop"]
[Black "Van Gisbergen, Stan"]
[Site "Netherlands"]
[Round "8.7"]
[Result "1/2-1/2"]
[Date "2001.03.25"]
[WhiteElo "2370"]
[BlackElo "2328"]
[PlyCount "42"]
[EventDate "2000.11.18"]
[EventType "team-tourn"]
[EventRounds "9"]
[EventCountry "NED"]
[SourceTitle "EXT 2002"]
[Source "ChessBase"]
[SourceDate "2001.11.25"]
[SourceVersion "1"]
[SourceVersionDate "2001.11.25"]
[SourceQuality "1"]
[WhiteTeam "Ordina Breda"]
[BlackTeam "Nijmegen"]
[WhiteTeamCountry "NED"]
[BlackTeamCountry "NED"]

1. d4 Nf6 2. c4 e6 3. Nf3 b6 4. a3 Ba6 5. Qc2 Bb7 6. Nc3 c5 7. dxc5 Bxc5 8. Bf4 0-0 9. Rd1 Be7 10. e3 Na6 11. b4 Nc7 12. Be2 a5 13. Qb2 axb4 14. axb4 Ne4 15. Nxe4 Bxe4 16. Be5 f6 17. Bc3 b5 18. cxb5 Rb8 19. 0-0 Nxb5 20. Bxb5 Rxb5 21. Nd4 Rb6 1/2-1/2

[Event "NED-chT 9900"]
[White "Van Gisbergen, Stan"]
[Black "L'Ami, Erwin"]
[Site "Netherlands"]
[Round "8"]
[Result "0-1"]
[Date "2000.04.30"]
[WhiteElo "2337"]
[BlackElo "2301"]
[PlyCount "66"]
[EventDate "2000.02.05"]
[EventType "team-tourn"]
[EventRounds "9"]
[EventCountry "NED"]
[SourceTitle "CBM 076 Extra"]
[Source "ChessBase"]
[SourceDate "2000.07.11"]
[SourceVersion "1"]
[SourceVersionDate "2000.07.11"]
[SourceQuality "1"]
[WhiteTeam "Nijmegen"]
[BlackTeam "Utrecht"]
[WhiteTeamCountry "NED"]
[BlackTeamCountry "NED"]

1. d4 Nf6 2. c4 g6 3. Nc3 d5 4. cxd5 Nxd5 5. e4 Nxc3 6. bxc3 Bg7 7. Bb5+ c6 8. Ba4 0-0 9. Ne2 Nd7 10. 0-0 b5 11. Bb3 Bb7 12. Be3 Rc8 13. a4 a6 14. e5 e6 15. Qd2 c5 16. axb5 axb5 17. Bh6 cxd4 18. cxd4 Nb6 19. Bxg7 Kxg7 20. Nf4 Nc4 21. Bxc4 Rxc4 22. Rfd1 Qc8 23. Ra3 Rd8 24. Nh5+ gxh5 25. Rg3+ Kf8 26. h4 Ke7 27. Rg7 Rf8 28. Qg5+ Ke8 29. d5 Rg4 30. Qf6 Rxg7 31. dxe6 Rxg2+ 32. Kf1 Rxf2+ 33. Kxf2 fxe6 0-1

[Event "NED-chT 9900"]
[White "Middelburg, Tom"]
[Black "Van Gisbergen, Stan"]
[Site "Netherlands"]
[Round "7"]
[Result "0-1"]
[Date "2000.04.29"]
[WhiteElo "2347"]
[BlackElo "2337"]
[PlyCount "42"]
[EventDate "2000.02.05"]
[EventType "team-tourn"]
[EventRounds "9"]
[EventCountry "NED"]
[SourceTitle "CBM 076 Extra"]
[Source "ChessBase"]
[SourceDate "2000.07.11"]
[SourceVersion "1"]
[SourceVersionDate "2000.07.11"]
[SourceQuality "1"]
[WhiteTeam "Rotterdam"]
[BlackTeam "Nijmegen"]
[WhiteTeamCountry "NED"]
[BlackTeamCountry "NED"]

1. e4 e5 2. Nf3 Nc6 3. Nc3 Nf6 4. Bb5 Nd4 5. Ba4 c6 6. d3 b5 7. Bb3 Nxb3 8. axb3 d6 9. b4 Be7 10. Be3 Qc7 11. d4 0-0 12. 0-0 Bg4 13. h3 Bh5 14. g4 Nxg4 15. hxg4 Bxg4 16. Kg2 f5 17. Ne2 fxe4 18. Ne1 Bf3+ 19. Kh2 exd4 20. Nxf3 exf3 21. Nxd4 d5+ 0-1

[Event "NED-chT 9900"]
[White "Van Gisbergen, Stan"]
[Black "Bezemer, Arno J"]
[Site "Netherlands"]
[Round "3"]
[Result "1-0"]
[Date "2000.02.26"]
[WhiteElo "2337"]
[BlackElo "2239"]
[PlyCount "81"]
[EventDate "2000.02.05"]
[EventType "team-tourn"]
[EventRounds "9"]
[EventCountry "NED"]
[SourceTitle "CBM 074 Extra"]
[Source "ChessBase"]
[SourceDate "2000.03.10"]
[SourceVersion "2"]
[SourceVersionDate "2000.03.10"]
[SourceQuality "1"]
[WhiteTeam "Nijmegen"]
[BlackTeam "Amstelveen"]
[WhiteTeamCountry "NED"]
[BlackTeamCountry "NED"]

1. d4 Nf6 2. c4 c5 3. d5 e6 4. Nc3 exd5 5. cxd5 d6 6. e4 g6 7. Nf3 Bg7 8. Be2 0-0 9. 0-0 a6 10. a4 Bg4 11. Bf4 Bxf3 12. Bxf3 Qe7 13. Re1 Nbd7 14. a5 h5 15. Qd2 Rfe8 16. Be2 Rac8 17. Bf1 Qf8 18. f3 Nh7 19. Rac1 Ne5 20. Na4 h4 21. Nb6 Rcd8 22. h3 f5 23. b4 cxb4 24. Qxb4 fxe4 25. Rxe4 g5 26. Bd2 Re7 27. f4 gxf4 28. Rxf4 Bf6 29. Nc4 Rf7 30. Nxe5 dxe5 31. Rg4+ Kh8 32. Qe4 Rfd7 33. Bb4 Qh6 34. Rd1 Ng5 35. Qc4 Rg7 36. Bd2 Qh5 37. Be2 Qh7 38. Rf1 Be7 39. Bd3 e4 40. Bxe4 Nxe4 41. Rxe4 1-0

[Event "NED-chT 9900"]
[White "Douven, Rudy C"]
[Black "Van Gisbergen, Stan"]
[Site "Netherlands"]
[Round "1"]
[Result "1-0"]
[Date "2000.02.05"]
[WhiteElo "2389"]
[BlackElo "2337"]
[PlyCount "65"]
[EventDate "2000.02.05"]
[EventType "team-tourn"]
[EventRounds "9"]
[EventCountry "NED"]
[SourceTitle "CBM 074 Extra"]
[Source "ChessBase"]
[SourceDate "2000.03.10"]
[SourceVersion "2"]
[SourceVersionDate "2000.03.10"]
[SourceQuality "1"]
[WhiteTeam "Hilversum HSG"]
[BlackTeam "Nijmegen"]
[WhiteTeamCountry "NED"]
[BlackTeamCountry "NED"]

1. d4 Nf6 2. c4 e6 3. Nf3 b6 4. g3 Ba6 5. b3 Bb4+ 6. Bd2 Be7 7. Bg2 c6 8. Bc3 d5 9. Nbd2 Nbd7 10. 0-0 0-0 11. Re1 c5 12. cxd5 Nxd5 13. Bb2 Rc8 14. Rc1 Bb7 15. a3 cxd4 16. Nxd4 Rxc1 17. Qxc1 Qc8 18. Qa1 Qa8 19. Bh3 N7f6 20. Nc4 Rd8 21. Rc1 Bf8 22. Ne5 Re8 23. b4 Bd6 24. Nc4 Bf8 25. Ne5 Bd6 26. Nb5 Bf8 27. Nc4 Bc6 28. Nbd6 Bxd6 29. Nxd6 Rd8 30. Be5 a6 31. Qd4 Ne8 32. Nxe8 Bxe8 33. Bxg7 1-0

[Event "NED-chT sf2"]
[White "Gurevich, Mikhail"]
[Black "Van Gisbergen, Stan"]
[Site "Breda"]
[Round "1"]
[Result "1-0"]
[Date "1997.??.??"]
[WhiteElo "2585"]
[BlackElo "2260"]
[PlyCount "65"]
[EventDate "1997.05.30"]
[EventType "team-tourn"]
[EventRounds "1"]
[EventCountry "NED"]
[SourceTitle "CBM 058 Extra"]
[Source "ChessBase"]
[SourceDate "1997.07.29"]
[SourceVersion "1"]
[SourceVersionDate "1997.07.29"]
[SourceQuality "1"]
[WhiteTeam "Panfox"]
[BlackTeam "SMB"]
[WhiteTeamCountry "NED"]
[BlackTeamCountry "NED"]

1. d4 Nf6 2. c4 e6 3. Nc3 Bb4 4. e3 c5 5. Bd3 Nc6 6. Nf3 Bxc3+ 7. bxc3 d6 8. 0-0 0-0 9. e4 e5 10. Bg5 cxd4 11. cxd4 Bg4 12. d5 Nd4 13. Be2 Nxe2+ 14. Qxe2 h6 15. Bh4 g5 16. Bg3 Nd7 17. Qe3 f5 18. exf5 Qf6 19. Nd2 Bxf5 20. f3 Qg6 21. Qa3 b6 22. Bf2 g4 23. fxg4 Bxg4 24. Rae1 Nc5 25. h3 Bf5 26. Bxc5 bxc5 27. Re3 Kh8 28. Rg3 Qh7 29. Rgf3 Rf7 30. Ne4 Rd8 31. g4 Bg6 32. Rxf7 Bxf7 33. Qf3 1-0

[Event "NED-chT 9697"]
[White "Van Gisbergen, Stan"]
[Black "Cuijpers, Frans Andre"]
[Site "Netherlands"]
[Round "?"]
[Result "1-0"]
[Date "1996.??.??"]
[WhiteElo "2270"]
[BlackElo "2435"]
[PlyCount "87"]
[EventDate "1996.??.??"]
[EventType "team-tourn"]
[EventRounds "11"]
[EventCountry "NED"]
[SourceTitle "EXT 2000"]
[Source "ChessBase"]
[SourceDate "1999.11.16"]
[SourceVersion "1"]
[SourceVersionDate "1999.11.16"]
[SourceQuality "1"]

1. d4 d5 2. c4 c6 3. Nc3 dxc4 4. e4 b5 5. a4 e5 6. Nf3 exd4 7. Qxd4 Qxd4 8. Nxd4 b4 9. Nb1 Ba6 10. Be3 Nf6 11. f3 Bc5 12. Nf5 Bxe3 13. Nxe3 Nbd7 14. Bxc4 Bxc4 15. Nxc4 Ke7 16. Nbd2 Nc5 17. Ke2 Ne6 18. Ke3 Rhd8 19. Nb3 c5 20. Rhd1 Rac8 21. Rac1 g6 22. Rxd8 Nxd8 23. Ne5 Ne6 24. Nd3 Nd7 25. Nxb4 f5 26. Nd3 fxe4 27. fxe4 g5 28. Na5 Nb6 29. Nc4 Rf8 30. b4 Nd7 31. b5 Nf4 32. Nxf4 Rxf4 33. a5 Nf6 34. Nd2 Ng4+ 35. Kd3 Ne5+ 36. Ke2 Kd6 37. Rd1 Kc7 38. Rc1 Kd6 39. Rd1 Kc7 40. g3 Rf8 41. Nb3 c4 42. Nc5 Re8 43. Rd5 Re7 44. b6+ 1-0

[Event "NED-chT 9697"]
[White "Van Gisbergen, Stan"]
[Black "Zagema, Wieb"]
[Site "Netherlands"]
[Round "6"]
[Result "0-1"]
[Date "1996.??.??"]
[WhiteElo "2270"]
[BlackElo "2360"]
[PlyCount "82"]
[EventDate "1996.??.??"]
[EventType "team-tourn"]
[EventRounds "11"]
[EventCountry "NED"]
[SourceTitle "EXT 2001"]
[Source "ChessBase"]
[SourceDate "2000.11.22"]
[SourceVersion "1"]
[SourceVersionDate "2000.11.22"]
[SourceQuality "1"]

1. d4 d5 2. c4 e6 3. Nc3 c5 4. cxd5 exd5 5. Nf3 Nc6 6. g3 Nf6 7. Bg2 Be7 8. 0-0 0-0 9. Bg5 cxd4 10. Nxd4 h6 11. Be3 Re8 12. Nxc6 bxc6 13. Bd4 Bd6 14. Rc1 Qe7 15. Re1 Bf5 16. Na4 Rac8 17. Bc5 Ne4 18. Bxd6 Qxd6 19. Bxe4 Rxe4 20. Nc5 Re7 21. Qd4 Rce8 22. e3 Qg6 23. Nb3 h5 24. Qc5 h4 25. Qxc6 Qg4 26. Qc5 Re6 27. Nd2 d4 28. e4 d3 29. f3 Qh3 30. Qf2 hxg3 31. hxg3 Rg6 32. Nf1 Bd7 33. Qg2 d2 34. Qxd2 Rxg3+ 35. Nxg3 Qxg3+ 36. Qg2 Qe5 37. Rc2 Re6 38. Qh2 Rg6+ 39. Rg2 Qd4+ 40. Kf1 Bb5+ 41. Rge2 Qe3 0-1

[Event "Groningen op"]
[White "Van Gisbergen, Stan"]
[Black "Ristic, Nenad"]
[Site "Groningen"]
[Round "?"]
[Result "0-1"]
[Date "1995.??.??"]
[WhiteElo "2270"]
[BlackElo "2400"]
[PlyCount "50"]
[EventDate "1995.12.??"]
[EventType "swiss"]
[EventRounds "11"]
[EventCountry "NED"]
[SourceTitle "CBM 050 Extra"]
[Source "ChessBase"]
[SourceDate "1996.03.01"]
[SourceVersion "1"]
[SourceVersionDate "1996.03.01"]
[SourceQuality "1"]

1. d4 Nf6 2. c4 c5 3. d5 b5 4. cxb5 a6 5. b6 Qxb6 6. Nc3 g6 7. a4 Bg7 8. a5 Qb4 9. Ra4 Qb7 10. e4 d6 11. Nf3 0-0 12. Nd2 e6 13. Nc4 exd5 14. Nxd6 Qe7 15. Nxc8 Rxc8 16. Nxd5 Nxd5 17. Qxd5 Nc6 18. Bd3 Nb4 19. Qc4 Rd8 20. Bc2 Rd4 21. Qe2 Nd3+ 22. Qxd3 Rxd3 23. Bxd3 Rd8 24. Ra3 c4 25. Bc2 Qb4+ 0-1

[Event "NED-ch50 sf"]
[White "Van de Oudeweetering, Arthur"]
[Black "Van Gisbergen, Stan"]
[Site "Enschede"]
[Round "9"]
[Result "1/2-1/2"]
[Date "1994.11.20"]
[WhiteElo "2330"]
[BlackElo "2360"]
[PlyCount "85"]
[EventDate "1994.10.28"]
[EventType "swiss"]
[EventRounds "9"]
[EventCountry "NED"]
[SourceTitle "EXT 2003"]
[Source "ChessBase"]
[SourceDate "2002.11.25"]
[SourceVersion "1"]
[SourceVersionDate "2002.11.25"]
[SourceQuality "1"]

1. e4 e5 2. Nf3 Nc6 3. a3 Nf6 4. Nc3 d5 5. Bb5 dxe4 6. Nxe5 Qd6 7. d4 a6 8. Bxc6+ bxc6 9. Bf4 Qe6 10. 0-0 Nd5 11. Nxd5 cxd5 12. c4 Bd6 13. Qa4+ Bd7 14. Qc2 c6 15. cxd5 cxd5 16. Nxd7 Bxf4 17. Nc5 Qc6 18. Qc3 Rc8 19. Qa5 Ra8 20. g3 Bh6 21. Qc3 Qd6 22. f3 0-0 23. fxe4 dxe4 24. Nxe4 Qd5 25. Qd3 Rad8 26. Rad1 Qxd4+ 27. Qxd4 Rxd4 28. Rxd4 Be3+ 29. Kg2 Bxd4 30. b4 Re8 31. Re1 Kf8 32. Kf1 Re5 33. Nd6 Rxe1+ 34. Kxe1 h5 35. Ke2 g6 36. a4 Ke7 37. Nc4 Ke6 38. b5 axb5 39. axb5 Bg1 40. h3 Kd5 41. Nd2 Bb6 42. Kf3 f5 43. g4 1/2-1/2

[Event "NED-ch49"]
[White "Van Gisbergen, Stan"]
[Black "Cifuentes Parada, Roberto"]
[Site "Amsterdam"]
[Round "2"]
[Result "0-1"]
[Date "1994.06.05"]
[WhiteElo "2365"]
[BlackElo "2500"]
[PlyCount "108"]
[EventDate "1994.06.04"]
[EventType "tourn"]
[EventRounds "11"]
[EventCountry "NED"]
[EventCategory "11"]
[SourceTitle "CBM 042"]
[Source "ChessBase"]
[SourceDate "1994.10.01"]
[SourceVersion "1"]
[SourceVersionDate "1994.10.01"]
[SourceQuality "1"]

1. d4 d5 2. c4 dxc4 3. e4 c5 4. Nf3 Nf6 5. Nc3 cxd4 6. Qxd4 Qxd4 7. Nxd4 e5 8. Ndb5 Kd8 9. Be3 Be6 10. Nxa7 Nbd7 11. f3 Bb4 12. a3 Bxc3+ 13. bxc3 Kc7 14. a4 b6 15. a5 Rhb8 16. Be2 Kb7 17. Nb5 Kc6 18. Na3 Rxa5 19. Kf2 Rba8 20. Nc2 Rxa1 21. Rxa1 Rxa1 22. Nxa1 Nc5 23. Ke1 Nfd7 24. Nc2 Na4 25. Kd2 Ndc5 26. Nb4+ Kd6 27. g4 f6 28. Kc2 Nb3 29. h4 Nac5 30. Kb2 b5 31. h5 h6 32. Bd1 Na5 33. Bc2 Nd3+ 34. Ka3 Ne1 35. Bd1 Nc6 36. Na6 Nd3 37. Be2 b4+ 38. Nxb4 Ndxb4 39. cxb4 Nd4 40. Bd1 c3 41. Bxd4 exd4 42. Bb3 d3 43. Bxe6 Kxe6 44. Kb3 c2 45. Kb2 Ke5 46. b5 Kd4 47. b6 Ke3 48. b7 Kd2 49. b8Q c1Q+ 50. Ka2 Qc2+ 51. Ka3 Kc1 52. Qf4+ d2 53. Qe3 Qc4 54. e5 Kc2 0-1

[Event "NED-ch49"]
[White "Van Wely, Loek"]
[Black "Van Gisbergen, Stan"]
[Site "Amsterdam"]
[Round "1"]
[Result "1-0"]
[Date "1994.06.04"]
[WhiteElo "2570"]
[BlackElo "2365"]
[PlyCount "81"]
[EventDate "1994.06.04"]
[EventType "tourn"]
[EventRounds "11"]
[EventCountry "NED"]
[EventCategory "11"]
[SourceTitle "CBM 042"]
[Source "ChessBase"]
[SourceDate "1994.10.01"]
[SourceVersion "1"]
[SourceVersionDate "1994.10.01"]
[SourceQuality "1"]

1. Nf3 Nf6 2. c4 b6 3. Nc3 Bb7 4. d4 e6 5. a3 d5 6. Bg5 Be7 7. Qa4+ Nbd7 8. Bxf6 Bxf6 9. cxd5 exd5 10. g3 c5 11. Bh3 a6 12. dxc5 bxc5 13. e4 d4 14. Nd5 Bxd5 15. exd5 Ra7 16. 0-0 0-0 17. Qc6 Qc7 18. Rac1 Rc8 19. Qxc7 Raxc7 20. Nd2 Rd8 21. d6 Rc6 22. Bxd7 Rxd7 23. Rfe1 g6 24. Re8+ Kg7 25. Ne4 Rdxd6 26. Nxd6 Rxd6 27. Re2 c4 28. Rxc4 d3 29. Rd2 Bxb2 30. a4 Kf6 31. Rf4+ Ke6 32. Rf3 Rd4 33. Rfxd3 Kd5 34. Rxd4+ Bxd4 35. Rc2 a5 36. Rc7 Bc5 37. Kf1 Kc4 38. Ke2 Kb4 39. Kd3 Bxf2 40. Rxf7 Bg1 41. Rxh7 1-0

[Event "BEL-chT 9394"]
[White "Roofthoofd, Marcel"]
[Black "Van Gisbergen, Stan"]
[Site "Belgium"]
[Round "7"]
[Result "1-0"]
[Date "1994.01.16"]
[WhiteElo "2295"]
[BlackElo "2365"]
[PlyCount "31"]
[EventDate "1993.10.03"]
[EventType "team-tourn"]
[EventRounds "11"]
[EventCountry "BEL"]
[SourceTitle "EXT 2021"]
[Source "ChessBase"]
[SourceDate "2020.10.23"]
[SourceVersion "1"]
[SourceVersionDate "2020.10.23"]
[SourceQuality "1"]

1. e4 e5 2. Nf3 Nc6 3. c3 Nf6 4. d4 Nxe4 5. d5 Ne7 6. Nxe5 Ng6 7. Nxg6 hxg6 8. Bd3 Nf6 9. Qf3 Rh5 10. 0-0 Bd6 11. g4 Bxh2+ 12. Kg2 Rh7 13. g5 Nh5 14. Re1+ Kf8 15. Bxg6 Bf4 16. Bxf4 1-0

[Event "Cappelle op 10th"]
[White "Chuchelov, Vladimir"]
[Black "Van Gisbergen, Stan"]
[Site "Cappelle la Grande"]
[Round "2"]
[Result "1/2-1/2"]
[Date "1994.??.??"]
[WhiteElo "2495"]
[BlackElo "2365"]
[PlyCount "71"]
[EventDate "1994.02.??"]
[EventType "swiss"]
[EventRounds "9"]
[EventCountry "FRA"]
[SourceTitle "TD"]
[Source "ChessBase"]
[SourceDate "1994.03.01"]
[SourceVersion "1"]
[SourceVersionDate "1994.03.01"]
[SourceQuality "1"]

1. d4 Nf6 2. Nf3 e6 3. c4 b6 4. g3 Ba6 5. b3 Bb4+ 6. Bd2 Be7 7. Bg2 c6 8. Bc3 d5 9. Ne5 Nfd7 10. Nxd7 Nxd7 11. Nd2 0-0 12. 0-0 b5 13. Re1 Rc8 14. e4 dxe4 15. Bxe4 bxc4 16. bxc4 c5 17. d5 exd5 18. Bxd5 Bf6 19. Rc1 Bxc3 20. Rxc3 Nf6 21. Bf3 Qa5 22. Qc2 Rfe8 23. Rb1 Rcd8 24. Nf1 Bc8 25. Ne3 Rd6 26. Kg2 h6 27. Qb2 Rb6 28. Rb3 Rxb3 29. Qxb3 Qc7 30. Qb5 Rd8 31. Nd5 Nxd5 32. cxd5 Bf5 33. Rc1 Rc8 34. Qa6 c4 35. d6 Qb6 36. Qa4 1/2-1/2